| 000 | 00744nam a2200205 i 4500 | ||
|---|---|---|---|
| 001 | 78609 | ||
| 003 | ES-MaACL | ||
| 005 | 20250812024129.0 | ||
| 007 | t| | ||
| 008 | 041015m19631966sp ||||1| spa d | ||
| 100 | 1 |
_aHautecoeur, Louis. _962130 |
|
| 245 | 1 | 0 |
_aHistoria del Arte / _cLouis Hautecoeur ; [lo tradujo Manuel Pita Andrade]. |
| 260 |
_aMadrid : _bGuadarrama, _c[1963-1966] |
||
| 300 |
_a5 v. : _bil. ; _c25 cm. |
||
| 505 | 8 | _aContiene: T. I: De la magia a la religión. -- T. III-IV: De la realidad a la belleza. -- T. V-VI: De la naturaleza a la abstracción | |
| 650 | 0 | 4 |
_aArte- _vHistoria _910107 |
| 700 | 1 |
_aPita Andrade, José Manuel. _992394 |
|
| 852 |
_aES-MaACL _jP-198-Ter _bR.58107 |
||
| 999 |
_c78609 _d78609 |
||